00710nam a2200253 a 4500001001300000003000900013005001700022008004100039020000800080082001500088100001900103245005600122260002700178300000800205500003500213505001000248650002400258650001600282700001900298902000800317942000700325952011100332999001300443nice12345678IN_TiNIC20260116011320.0050524s1968 bana grp 000 0 eng  ac200a268.6bARA aArangaden, A J aVisible Kingdom of Christ on Earthb Religious Play aBangalorebCISRSc1968 a60p aincludes index and biblioraphy2 aIndex aChristian-Education aBible Plays1 aArangaden, A J bSRS cBK 001040708StackRoom-aHMIbHMId2005-05-24g2.00l0o268.6 ARAp03623r2005-05-24v2.00w2005-05-24yBK c443d443